| 000 | 00609nam a22002057a 4500 | ||
|---|---|---|---|
| 001 | BD-DhSAU 76 | ||
| 003 | BD-DhSAU | ||
| 005 | 20170607130740.0 | ||
| 008 | 140106b ii a|||| |||| 001 0 eng d | ||
| 040 |
_cBD-DhSAU _aBD-DhSAU |
||
| 082 |
_222 _a372.873 _bN1642 |
||
| 100 | _aNarang, S. K. | ||
| 245 |
_aAcademic performance _bSome personality and perception variables / _cS. K. Narang |
||
| 260 |
_aNew Delhi, India: _bS. Chand & Company Ltd, _c1981. |
||
| 300 |
_aviii, 187 p. _c23 cm. |
||
| 504 | _aIncludes reference. | ||
| 650 | _aPersonality | ||
| 650 | _aPerception variables | ||
| 942 |
_2ddc _cBOOK |
||
| 999 |
_c76 _d76 |
||